[Event "2. Bundesliga Ost 2017/2018"]
[Site "alle Wien"]
[Date "2017.11.19"]
[Round "4"]
[Board "3"]
[White "Sardy, Peter"]
[Black "Sadilek, Maximilian"]
[Result "1/2-1/2"]
[WhiteElo "2358"]
[BlackElo "2271"]
[PlyCount "84"]
[EventDate "2017.10.21"]
[EventType "team"]
[EventRounds "11"]
[EventCountry "AUT"]
[WhiteTeam "SK Austria"]
[BlackTeam "tschaturanga"]

1. e4 Nc6 2. Nc3 e6 3. g3 d5 4. Bg2 Nf6 5. exd5 exd5 6. d4 Bg4 7. Nge2 Bb4 8.
h3 Bf5 9. O-O Qd7 10. g4 Bg6 11. Bf4 h5 12. g5 Ne4 13. Nb5 Rc8 14. c4 dxc4 15.
d5 Ne7 16. Nxc7+ Kf8 17. d6 Nxd6 18. Nd5 Nxd5 19. Qxd5 Bd3 20. Rfe1 Rd8 21. Nc3
Nf5 22. Qxb7 Qxb7 23. Bxb7 Nd4 24. Rad1 Rd7 25. Be4 Bxe4 26. Rxe4 Bxc3 27. Kg2
Bxb2 28. Be3 Re7 29. Rh4 Rxe3 30. fxe3 c3 31. Rdxd4 c2 32. Rc4 c1=Q 33. Rxc1
Bxc1 34. Rc4 Ke7 35. Rxc1 Rd8 36. Rc7+ Rd7 37. Rxd7+ Kxd7 38. Kf3 Kd6 39. Ke4
Ke6 40. h4 g6 41. Kf3 Ke5 42. e4 Kd6  1/2-1/2

[Event "2. Bundesliga Ost 2017/2018"]
[Site "alle Wien"]
[Date "2017.11.19"]
[Round "4"]
[Board "4"]
[White "Chirita-Mihaila, Marius-Consta"]
[Black "Nagy, Bence"]
[Result "0-1"]
[WhiteElo "2086"]
[BlackElo "2343"]
[PlyCount "57"]
[EventDate "2017.10.21"]
[EventType "team"]
[EventRounds "11"]
[EventCountry "AUT"]
[WhiteTeam "tschaturanga"]
[BlackTeam "SK Austria"]

1. c4 Nf6 2. g3 g6 3. Bg2 d5 4. Nf3 Bg7 5. cxd5 Nxd5 6. Nc3 Nxc3 7. bxc3 O-O 8.
O-O c5 9. Qc2 Nc6 10. d3 Bd7 11. Rb1 b6 12. e4 Qc8 13. Re1 Rd8 14. Nd2 Be6 15.
f4 Qa6 16. f5 gxf5 17. exf5 Bd5 18. Ne4 Qxa2 19. Bb2 c4 20. d4 Rac8 21. Qf2
Nxd4 22. Ra1 Qb3 23. f6 Bxe4 24. fxe7 Bxg2 25. exd8=Q+ Rxd8 26. Kxg2 Nc2 27.
Rxa7 Nxe1+ 28. Kf1 Rf8 29. Kxe1  0-1

[Event "2. Bundesliga Ost 2017/2018"]
[Site "alle Wien"]
[Date "2017.11.19"]
[Round "4"]
[Board "5"]
[White "Newrkla, Katharina"]
[Black "Leitner, Gerald"]
[Result "1-0"]
[WhiteElo "2168"]
[BlackElo "2118"]
[PlyCount "73"]
[EventDate "2017.10.21"]
[EventType "team"]
[EventRounds "11"]
[EventCountry "AUT"]
[WhiteTeam "SK Austria"]
[BlackTeam "tschaturanga"]

1. e4 c6 2. d4 d5 3. e5 Bf5 4. Nf3 e6 5. Be2 c5 6. Be3 Qb6 7. Nc3 Qxb2 8. Nb5
Na6 9. dxc5 f6 10. exf6 Nxf6 11. O-O Bxc2 12. Qc1 Qxc1 13. Raxc1 Ba4 14. c6
bxc6 15. Rxc6 Nb4 16. Rcc1 Rb8 17. Nc7+ Kd8 18. Nxe6+ Kd7 19. Nfd4 Nc6 20.
Nxf8+ Rhxf8 21. Nxc6 Bxc6 22. Bd3 g6 23. Bxa7 Ra8 24. Bc5 Rfb8 25. a3 Ba4 26.
Rfe1 Re8 27. f3 Nh5 28. g3 Ng7 29. Kf2 Ne6 30. Bb4 Nd4 31. Rxe8 Rxe8 32. Rc5
Bc6 33. Ra5 Ra8 34. Rxa8 Bxa8 35. Ke3 Ne6 36. f4 Ng7 37. Kd4  1-0

[Event "2. Bundesliga Ost 2017/2018"]
[Site "alle Wien"]
[Date "2017.11.19"]
[Round "4"]
[Board "6"]
[White "Rother, Moritz"]
[Black "Higatsberger, Michael"]
[Result "1/2-1/2"]
[WhiteElo "2106"]
[BlackElo "2121"]
[PlyCount "93"]
[EventDate "2017.10.21"]
[EventType "team"]
[EventRounds "11"]
[EventCountry "AUT"]
[WhiteTeam "tschaturanga"]
[BlackTeam "SK Austria"]

1. Nf3 d5 2. c4 e6 3. g3 Nf6 4. Bg2 Be7 5. O-O O-O 6. d4 dxc4 7. Na3 Bd7 8. Ne5
Nc6 9. Nxc6 Bxc6 10. Bxc6 bxc6 11. Nxc4 c5 12. dxc5 Bxc5 13. Qc2 Qd5 14. Be3
Ng4 15. Bxc5 Qh5 16. h4 Qxc5 17. Ne3 Qh5 18. Nxg4 Qxg4 19. Rfd1 e5 20. Rac1 e4
21. e3 h6 22. Rd4 Rfe8 23. Qd1 Qh3 24. Rxc7 Re6 25. Rd8+ Rxd8 26. Qxd8+ Kh7 27.
Qd7 Qf5 28. Qxf7 Qe5 29. Rc5 Qxc5 30. Qxe6 Qc2 31. Qf5+ Kh8 32. g4 Qxb2 33.
Qxe4 Qxa2 34. g5 a5 35. g6 Qg8 36. h5 Qd8 37. f4 Qd1+ 38. Kf2 Qd2+ 39. Kf1 Qd1+
40. Kf2 Qd2+ 41. Kg3 Qe1+ 42. Kg4 Qe2+ 43. Kf5 Qxh5+ 44. Ke6 Qg4+ 45. Ke5 Qc8
46. Qd4 Qe8+ 47. Kf5  1/2-1/2

[Event "2. Bundesliga Ost 2017/2018"]
[Site "alle Wien"]
[Date "2017.11.19"]
[Round "4"]
[Board "1"]
[White "Burlacu, Bogdan"]
[Black "Videki, Sandor"]
[Result "0-1"]
[WhiteElo "2293"]
[BlackElo "2416"]
[PlyCount "86"]
[EventDate "2017.10.21"]
[EventType "team"]
[EventRounds "11"]
[EventCountry "AUT"]
[WhiteTeam "SK Mostarrichi"]
[BlackTeam "SC Data Technology Pressbaum/E."]

1. e4 c5 2. Nf3 e6 3. d3 Nc6 4. g3 d5 5. Nbd2 Bd6 6. Bg2 Nge7 7. O-O O-O 8. Re1
b6 9. c3 a5 10. a3 Ba6 11. d4 Rc8 12. e5 Bb8 13. dxc5 bxc5 14. Nb3 Ba7 15. Be3
Nb8 16. Nbd2 Nf5 17. Bf4 h6 18. g4 Ne7 19. Qc1 Ng6 20. Bg3 Nc6 21. Bf1 Bxf1 22.
Nxf1 f5 23. gxf5 Rxf5 24. Qd1 Qf8 25. Kg2 Nf4+ 26. Kh1 Ng6 27. Kg2 c4 28. Ne3
Bxe3 29. fxe3 Ncxe5 30. Nxe5 Nxe5 31. e4 dxe4 32. Rxe4 Nd3 33. Rxe6 Rf2+ 34.
Bxf2 Qxf2+ 35. Kh1 Qxb2 36. Qb1 Qxc3 37. Ra2 Qd4 38. Rae2 Rf8 39. Re8 Qd5+ 40.
Kg1 Qg5+ 41. Kh1 Qd5+ 42. Kg1 Qg5+ 43. Kh1 Nf2+  0-1

[Event "2. Bundesliga Ost 2017/2018"]
[Site "alle Wien"]
[Date "2017.11.19"]
[Round "4"]
[Board "2"]
[White "Rumpl, Erwin"]
[Black "Hofmann, Thomas"]
[Result "1/2-1/2"]
[WhiteElo "2267"]
[BlackElo "2304"]
[PlyCount "90"]
[EventDate "2017.10.21"]
[EventType "team"]
[EventRounds "11"]
[EventCountry "AUT"]
[WhiteTeam "SC Data Technology Pressbaum/E."]
[BlackTeam "SK Mostarrichi"]

1. Nf3 c5 2. g3 b6 3. Bg2 Bb7 4. O-O Nf6 5. c4 e6 6. Nc3 Be7 7. b3 Nc6 8. Bb2
O-O 9. d4 d6 10. d5 exd5 11. Nxd5 Nxd5 12. Qxd5 Bf6 13. Qd2 Bxb2 14. Qxb2 Qe7
15. Rad1 Rad8 16. Rd2 Ne5 17. Nxe5 Bxg2 18. Kxg2 dxe5 19. Rfd1 f6 20. Qc2 g6
21. Rd3 Rd4 22. e3 Rxd3 23. Qxd3 e4 24. Qd5+ Rf7 25. Qc6 Kg7 26. Rd6 Qb7 27.
Qxb7 Rxb7 28. g4 Kf7 29. Kg3 g5 30. Rd8 Ke6 31. h4 Rd7 32. Re8+ Kf7 33. Ra8 Kg6
34. h5+ Kh6 35. Rf8 Kg7 36. Re8 Kf7 37. Ra8 Ke6 38. Kg2 Re7 39. Rf8 Rf7 40. Rg8
Ke7 41. Rh8 f5 42. gxf5 Kf6 43. Kg3 Kxf5 44. Rg8 a6 45. Rd8 h6  1/2-1/2

[Event "2. Bundesliga Ost 2017/2018"]
[Site "alle Wien"]
[Date "2017.11.19"]
[Round "4"]
[Board "3"]
[White "Ehs, Dominik"]
[Black "Neumeier, Klaus"]
[Result "1/2-1/2"]
[WhiteElo "2082"]
[BlackElo "2302"]
[PlyCount "73"]
[EventDate "2017.10.21"]
[EventType "team"]
[EventRounds "11"]
[EventCountry "AUT"]
[WhiteTeam "SK Mostarrichi"]
[BlackTeam "SC Data Technology Pressbaum/E."]

1. e4 c5 2. c4 Nc6 3. Nf3 e6 4. Nc3 Nd4 5. d3 Ne7 6. Bg5 h6 7. Bh4 Qa5 8. Be2
Nec6 9. O-O a6 10. Nxd4 cxd4 11. Nb1 Bd6 12. f4 Qc7 13. e5 Be7 14. Bg3 d6 15.
Nd2 dxe5 16. fxe5 O-O 17. Nf3 b6 18. Bf4 f6 19. exf6 Qxf4 20. fxe7 Nxe7 21. Qd2
Qd6 22. Nh4 Bb7 23. Bf3 Bxf3 24. Rxf3 Rxf3 25. Nxf3 Ng6 26. Re1 e5 27. Re4 Rf8
28. Qe1 Rf4 29. Rxf4 exf4 30. Qe4 Qf6 31. Nxd4 Ne5 32. b4 g5 33. c5 bxc5 34.
bxc5 Qe7 35. c6 Qc5 36. h3 f3 37. Kf2  1/2-1/2

[Event "2. Bundesliga Ost 2017/2018"]
[Site "alle Wien"]
[Date "2017.11.19"]
[Round "4"]
[Board "4"]
[White "Hechl, Gerald"]
[Black "Steiner, Heinz"]
[Result "1-0"]
[WhiteElo "2325"]
[BlackElo "2141"]
[PlyCount "99"]
[EventDate "2017.10.21"]
[EventType "team"]
[EventRounds "11"]
[EventCountry "AUT"]
[WhiteTeam "SC Data Technology Pressbaum/E."]
[BlackTeam "SK Mostarrichi"]

1. e4 c5 2. a3 e6 3. b4 a6 4. bxc5 Bxc5 5. d4 Be7 6. Bd3 d6 7. Nf3 Nc6 8. O-O
Bf6 9. c3 Nge7 10. Re1 Ng6 11. Be3 O-O 12. Nbd2 Qc7 13. Rb1 Bd7 14. Qc2 Rfc8
15. a4 Rab8 16. Rec1 Na5 17. c4 b6 18. d5 Qd8 19. Qa2 h6 20. Qa3 Rc5 21. Bxc5
dxc5 22. g3 Nb7 23. Re1 e5 24. Rb2 Nd6 25. a5 b5 26. Qxc5 Be7 27. Qe3 bxc4 28.
Rxb8 Qxb8 29. Bxc4 Qb4 30. Bxa6 Qxa5 31. Bf1 Bg4 32. h3 Bd7 33. Rb1 Kh7 34. Qb6
Qc3 35. Qb2 Qc7 36. Qc1 Qa7 37. Ra1 Qb8 38. h4 Bg4 39. Nh2 Bd7 40. h5 Nf8 41.
Qc2 Qb4 42. Rb1 Qa3 43. Nc4 Qc5 44. Bd3 Bf6 45. Nxd6 Qxd6 46. Rb7 Bg5 47. Be2
Kg8 48. Bg4 Bxg4 49. Nxg4 Nd7 50. Qc8+  1-0

[Event "2. Bundesliga Ost 2017/2018"]
[Site "alle Wien"]
[Date "2017.11.19"]
[Round "4"]
[Board "5"]
[White "Poell, Markus"]
[Black "Weissenbeck, Manuel"]
[Result "0-1"]
[WhiteElo "2125"]
[BlackElo "2268"]
[PlyCount "78"]
[EventDate "2017.10.21"]
[EventType "team"]
[EventRounds "11"]
[EventCountry "AUT"]
[WhiteTeam "SK Mostarrichi"]
[BlackTeam "SC Data Technology Pressbaum/E."]

1. e4 c5 2. a3 d6 3. Nc3 Nc6 4. Bc4 g6 5. h3 Bg7 6. d3 e6 7. Nf3 Nge7 8. O-O
O-O 9. Ba2 b6 10. Ne2 Ba6 11. Rb1 d5 12. Ng3 Qc7 13. b4 Nd4 14. Nxd4 cxd4 15.
Bb3 Bb7 16. Bb2 Rfd8 17. Qd2 h5 18. Qg5 e5 19. f4 exf4 20. Nxh5 gxh5 21. Bxd4
Ng6 22. Bxg7 Kxg7 23. exd5 Re8 24. Rbe1 Qc3 25. Rxe8 Rxe8 26. Qxh5 Re5 27. Qg4
Qd4+ 28. Kh2 Bxd5 29. Qd7 Rg5 30. Bxd5 Qxd5 31. Qxd5 Rxd5 32. Re1 Kf6 33. Kg1
Rg5 34. Re2 Nh4 35. Rf2 Ke5 36. Kf1 Nf5 37. Kg1 Rg3 38. Kh2 Re3 39. Rd2 Re1  0-1

[Event "2. Bundesliga Ost 2017/2018"]
[Site "alle Wien"]
[Date "2017.11.19"]
[Round "4"]
[Board "6"]
[White "Schmidrathner, Christian"]
[Black "Koller, Hubert"]
[Result "1/2-1/2"]
[WhiteElo "2049"]
[BlackElo "2014"]
[PlyCount "79"]
[EventDate "2017.10.21"]
[EventType "team"]
[EventRounds "11"]
[EventCountry "AUT"]
[WhiteTeam "SC Data Technology Pressbaum/E."]
[BlackTeam "SK Mostarrichi"]

1. e4 d6 2. d4 Nf6 3. Nc3 c6 4. Bd3 e5 5. Nge2 Be7 6. h3 Qb6 7. dxe5 dxe5 8.
O-O O-O 9. b3 Nbd7 10. Ng3 Nc5 11. Bc4 Rd8 12. Qf3 Be6 13. Bxe6 Nxe6 14. Nf5
Bb4 15. Na4 Qc7 16. Nxg7 Kxg7 17. Bh6+ Kg8 18. Qxf6 Bf8 19. Bxf8 Kxf8 20. c3
Kg8 21. Nb2 Nf4 22. Rfe1 Rd7 23. Nc4 Re8 24. Re3 Re6 25. Rg3+ Ng6 26. Qf5 Kf8
27. Qh5 Nf4 28. Qxh7 Ne2+ 29. Kh2 Nxg3 30. fxg3 Rd3 31. Rf1 b5 32. Qh8+ Ke7 33.
Qg7 Ke8 34. Qg8+ Kd7 35. Rxf7+ Re7 36. Qg4+ Ke8 37. Qg8+ Kd7 38. Qg4+ Ke8 39.
Qg8+ Kd7 40. Qg4+  1/2-1/2

[Event "2. Bundesliga Ost 2017/2018"]
[Site "alle Wien"]
[Date "2017.12.02"]
[Round "5"]
[Board "2"]
[White "Unuk, Laura"]
[Black "Videki, Sandor"]
[Result "1-0"]
[WhiteElo "2362"]
[BlackElo "2416"]
[PlyCount "85"]
[EventDate "2017.10.21"]
[EventType "team"]
[EventRounds "11"]
[EventCountry "AUT"]
[WhiteTeam "SK Advisory Invest Baden"]
[BlackTeam "SC Data Technology Pressbaum/E."]

1. d4 Nf6 2. c4 g6 3. Nf3 Bg7 4. g3 O-O 5. Bg2 d6 6. O-O Nc6 7. Nc3 a6 8. b3
Rb8 9. Nd5 Nh5 10. Bb2 e6 11. Nc3 b5 12. Rb1 b4 13. Na4 Bd7 14. e4 Na5 15. Qc2
Bxa4 16. bxa4 Nf6 17. d5 e5 18. c5 Nb7 19. c6 Nc5 20. Nxe5 Ncxe4 21. Nxg6 hxg6
22. Bxe4 Nxe4 23. Bxg7 Kxg7 24. Qxe4 Re8 25. Qd4+ Qf6 26. Qa7 Qf5 27. Rbd1 Rh8
28. h4 g5 29. Qd4+ f6 30. g4 Qe5 31. Rfe1 Qxd4 32. Rxd4 Rxh4 33. Re7+ Kg6 34.
Rxc7 Rbh8 35. Rd7 Rh1+ 36. Kg2 R8h2+ 37. Kf3 Rc1 38. Kg3 Rhh1 39. Rxd6 Rhg1+
40. Kf3 Rc3+ 41. Ke2 Ra1 42. Rd2 Rg1 43. Re6  1-0

[Event "2. Bundesliga Ost 2017/2018"]
[Site "alle Wien"]
[Date "2017.12.02"]
[Round "5"]
[Board "3"]
[White "Rumpl, Erwin"]
[Black "Ly, Dominik"]
[Result "1/2-1/2"]
[WhiteElo "2267"]
[BlackElo "2286"]
[PlyCount "45"]
[EventDate "2017.10.21"]
[EventType "team"]
[EventRounds "11"]
[EventCountry "AUT"]
[WhiteTeam "SC Data Technology Pressbaum/E."]
[BlackTeam "SK Advisory Invest Baden"]

1. b3 d5 2. Bb2 Nf6 3. Nf3 c5 4. e3 e6 5. c4 b6 6. cxd5 Nxd5 7. Nc3 Bb7 8. Bb5+
Nc6 9. Ne5 Qc7 10. Nxd5 exd5 11. O-O Bd6 12. Nxc6 Bxc6 13. Bxc6+ Qxc6 14. Bxg7
Rg8 15. Bb2 Bxh2+ 16. Kxh2 Qh6+ 17. Kg1 Qh3 18. g3 Rxg3+ 19. fxg3 Qxg3+ 20. Kh1
Qh3+ 21. Kg1 Qg3+ 22. Kh1 Qh3+ 23. Kg1  1/2-1/2

[Event "2. Bundesliga Ost 2017/2018"]
[Site "alle Wien"]
[Date "2017.12.02"]
[Round "5"]
[Board "4"]
[White "Zojer, Stefan"]
[Black "Neumeier, Klaus"]
[Result "1-0"]
[WhiteElo "2128"]
[BlackElo "2302"]
[PlyCount "119"]
[EventDate "2017.10.21"]
[EventType "team"]
[EventRounds "11"]
[EventCountry "AUT"]
[WhiteTeam "SK Advisory Invest Baden"]
[BlackTeam "SC Data Technology Pressbaum/E."]

1. d4 Nf6 2. Nf3 c5 3. dxc5 Na6 4. e3 Nxc5 5. Be2 g6 6. O-O Bg7 7. b4 Nce4 8.
Bb2 O-O 9. c4 a5 10. a3 axb4 11. axb4 Rxa1 12. Bxa1 d6 13. Bd3 b6 14. Nd4 Bd7
15. Qc2 Qa8 16. Nc3 Nxc3 17. Bxc3 Rc8 18. Ra1 Qb7 19. Nb3 Be6 20. c5 Qd5 21.
cxb6 Nd7 22. Nd4 Nxb6 23. Ra5 Bxd4 24. Rxd5 Rxc3 25. Rxd4 Rxc2 26. Bxc2 Kf8 27.
h4 h6 28. Be4 Ke8 29. Bc6+ Kd8 30. e4 f6 31. Rd1 g5 32. hxg5 hxg5 33. Rc1 Bc8
34. f3 Be6 35. Kf2 Bc8 36. Ke3 Be6 37. Bb5 Nc8 38. Ba6 Nb6 39. Rc6 Na8 40. Rc1
Bd7 41. Bb7 Nb6 42. g3 Be6 43. Bc6 Bf7 44. b5 Be6 45. Kd4 Bf7 46. Ra1 Nc8 47.
Bd5 Be8 48. Kc4 Kc7 49. Kb4 Bd7 50. Ra6 Bh3 51. Ka5 e6 52. b6+ Nxb6 53. Ra7+
Kd8 54. Kxb6 exd5 55. exd5 Bd7 56. Ra8+ Ke7 57. Kc7 Bh3 58. Ra3 f5 59. Re3+ Kf7
60. Kxd6  1-0

[Event "2. Bundesliga Ost 2017/2018"]
[Site "alle Wien"]
[Date "2017.12.02"]
[Round "5"]
[Board "5"]
[White "Hechl, Gerald"]
[Black "Hofegger, Jakob"]
[Result "1-0"]
[WhiteElo "2325"]
[BlackElo "2117"]
[PlyCount "139"]
[EventDate "2017.10.21"]
[EventType "team"]
[EventRounds "11"]
[EventCountry "AUT"]
[WhiteTeam "SC Data Technology Pressbaum/E."]
[BlackTeam "SK Advisory Invest Baden"]

1. d4 g6 2. e4 Bg7 3. Nf3 d6 4. Bc4 Nf6 5. Qe2 d5 6. exd5 Nxd5 7. O-O Nb6 8.
Bb3 O-O 9. a4 a5 10. c3 Bg4 11. Nbd2 N8d7 12. Ne4 Nf6 13. Nc5 Rb8 14. h3 Bc8
15. Re1 e6 16. Ne5 Nbd5 17. Bg5 Qe8 18. Bc4 c6 19. Bxd5 cxd5 20. Qb5 Ra8 21.
Bxf6 Bxf6 22. Ned7 Bxd7 23. Nxd7 Be7 24. Qxb7 h5 25. Nxf8 Qxf8 26. Qb5 Rb8 27.
Qe2 Bd6 28. Qd2 Bc7 29. h4 Rb3 30. Re2 Qb8 31. g3 Qb6 32. Kg2 Bd6 33. Rae1 Be7
34. Qc2 Kg7 35. Rd2 Bd6 36. Ree2 Qb7 37. f4 Be7 38. Rf2 Bf6 39. Rde2 Qb6 40.
Qd1 Qb7 41. Rd2 Kg8 42. Kh3 Qb6 43. g4 hxg4+ 44. Kxg4 Kf8 45. h5 gxh5+ 46. Kxh5
Ke7 47. Kg4 Qb8 48. Kf3 Qb7 49. Kg2 Qb6 50. Kh1 Qb8 51. Qc2 Rb6 52. Rde2 Bh4
53. Rf3 Qg8 54. Rg2 Qb8 55. Qh7 Bf6 56. Rff2 Qe8 57. Qc2 Rc6 58. Qd3 Rb6 59.
Qd1 Qb8 60. Rh2 Rb7 61. Qc2 Qg8 62. Qe2 Rb6 63. Rfg2 Qb8 64. Qg4 Qc8 65. Rh7
Qc4 66. Qh5 Kd6 67. Kh2 Qf1 68. Qh6 Ke7 69. Rxf7+ Kxf7 70. Qh7+  1-0

[Event "2. Bundesliga Ost 2017/2018"]
[Site "alle Wien"]
[Date "2017.12.02"]
[Round "5"]
[Board "6"]
[White "Juenger, Heinz"]
[Black "Lucaci, Marius"]
[Result "1/2-1/2"]
[WhiteElo "2116"]
[BlackElo "2187"]
[PlyCount "135"]
[EventDate "2017.10.21"]
[EventType "team"]
[EventRounds "11"]
[EventCountry "AUT"]
[WhiteTeam "SK Advisory Invest Baden"]
[BlackTeam "SC Data Technology Pressbaum/E."]

1. e4 e6 2. d4 d5 3. Nc3 Nf6 4. e5 Nfd7 5. f4 c5 6. Nf3 Nc6 7. Be3 Qb6 8. Na4
Qa5+ 9. c3 cxd4 10. b4 Qc7 11. Nxd4 a6 12. Qd2 Be7 13. Bd3 b5 14. Nb2 Nb6 15.
a4 Nxd4 16. Bxd4 Nc4 17. Nxc4 bxc4 18. Bc2 O-O 19. O-O f5 20. g4 g6 21. Qe3 Bd7
22. h3 Rab8 23. Kh2 Kh8 24. gxf5 gxf5 25. Rg1 Be8 26. Bd1 Qd8 27. Bf3 Bg6 28.
Ba7 Rb7 29. Rg2 Qd7 30. Bc5 Bxc5 31. Qxc5 Rc8 32. Qd4 Rd8 33. h4 Qe7 34. Kh3
Qf7 35. Rag1 Rbb8 36. Rg5 Qf8 37. Bh5 Bxh5 38. Rxh5 Qf7 39. Rh6 Rg8 40. Rg5
Rxg5 41. fxg5 Rg8 42. Rf6 Qh5 43. Rxe6 Qf3+ 44. Kh2 f4 45. Rh6 Qg3+ 46. Kh1 f3
47. e6+ Rg7 48. Qg1 Qf4 49. Qb6 Qc1+ 50. Kh2 Qxc3 51. Qd8+ Rg8 52. Qf6+ Qxf6
53. Rxf6 c3 54. e7 Kg7 55. Rc6 Re8 56. Rxc3 Rxe7 57. Kg3 Re4 58. Rc7+ Kg6 59.
Rc6+ Kf5 60. Rxa6 Rxb4 61. Kxf3 Rxh4 62. Rh6 Rxa4 63. Rxh7 Kxg5 64. Rd7 Ra5 65.
Rf7 Ra3+ 66. Ke2 Kg4 67. Rd7 Ra5 68. Rf7  1/2-1/2

[Event "2. Bundesliga Ost 2017/2018"]
[Site "alle Wien"]
[Date "2017.12.02"]
[Round "5"]
[Board "1"]
[White "Sadilek, Peter"]
[Black "Burlacu, Bogdan"]
[Result "1-0"]
[WhiteElo "2298"]
[BlackElo "2293"]
[PlyCount "83"]
[EventDate "2017.10.21"]
[EventType "team"]
[EventRounds "11"]
[EventCountry "AUT"]
[WhiteTeam "tschaturanga"]
[BlackTeam "SK Mostarrichi"]

1. d4 Nf6 2. c4 g6 3. Nc3 Bg7 4. e4 d6 5. Be2 O-O 6. Nf3 Nbd7 7. O-O e5 8. d5
Nc5 9. Qc2 a5 10. Bg5 h6 11. Be3 b6 12. Nd2 Bg4 13. Qd1 Bd7 14. b3 Nh7 15. a3
f5 16. f3 f4 17. Bf2 g5 18. b4 Nb7 19. Nb3 a4 20. Nc1 Rf6 21. Nd3 Rg6 22. c5
bxc5 23. bxc5 Nxc5 24. Bxc5 dxc5 25. Nxc5 Bf8 26. Nxd7 Qxd7 27. Kh1 Bc5 28. Nb5
Kh8 29. Qc2 Bb6 30. Rac1 Ra5 31. d6 cxd6 32. Rfd1 Nf8 33. Qc8 Rf6 34. Qb8 Rxb5
35. Bxb5 Qxb5 36. Rb1 Qc5 37. Rxb6 Qxa3 38. Rbxd6 Kg7 39. Rxf6 Kxf6 40. Rd6+
Kg7 41. Qb7+ Kg8 42. Qd5+  1-0

[Event "2. Bundesliga Ost 2017/2018"]
[Site "alle Wien"]
[Date "2017.12.02"]
[Round "5"]
[Board "2"]
[White "Hofmann, Thomas"]
[Black "Kreindl, Helmut"]
[Result "1-0"]
[WhiteElo "2304"]
[BlackElo "2189"]
[PlyCount "62"]
[EventDate "2017.10.21"]
[EventType "team"]
[EventRounds "11"]
[EventCountry "AUT"]
[WhiteTeam "SK Mostarrichi"]
[BlackTeam "tschaturanga"]

1. d4 d5 2. c4 e6 3. Nc3 Nf6 4. cxd5 exd5 5. Bg5 Be7 6. e3 c6 7. Bd3 Nbd7 8. h3
O-O 9. Qc2 Re8 10. Nge2 Nf8 11. g4 N6d7 12. Bxe7 Qxe7 13. O-O-O b5 14. Kb1 Nb6
15. Ng3 Nc4 16. Nf5 Bxf5 17. gxf5 a5 18. h4 a4 19. h5 h6 20. Ne2 Nd7 21. f6
Nxf6 22. Ng3 Kh8 23. Rdg1 Rg8 24. Rg2 Qb4 25. Ka1 Qd2 26. Nf5 Qxc2 27. Bxc2
Rae8 28. Rhg1 Nxh5 29. Rh1 g6 30. Nxh6 f5 31. Rxh5 Rxe3  1-0

[Event "2. Bundesliga Ost 2017/2018"]
[Site "alle Wien"]
[Date "2017.12.02"]
[Round "5"]
[Board "3"]
[White "Morgunov, Marc"]
[Black "Ehs, Dominik"]
[Result "1-0"]
[WhiteElo "2203"]
[BlackElo "2082"]
[PlyCount "109"]
[EventDate "2017.10.21"]
[EventType "team"]
[EventRounds "11"]
[EventCountry "AUT"]
[WhiteTeam "tschaturanga"]
[BlackTeam "SK Mostarrichi"]

1. e4 c5 2. Nf3 e6 3. d3 Nc6 4. g3 d5 5. Nbd2 Nf6 6. Bg2 dxe4 7. dxe4 Be7 8.
O-O O-O 9. c3 Qc7 10. Qc2 h6 11. Nc4 Nd7 12. a4 b6 13. Rd1 Ba6 14. Bf1 Bxc4 15.
Bxc4 Rfd8 16. Bf4 Qb7 17. h4 Na5 18. Qe2 Nxc4 19. Qxc4 Nf6 20. Nd2 a6 21. Re1
e5 22. Be3 b5 23. Qb3 Qc6 24. c4 b4 25. f3 Ne8 26. Nf1 Nc7 27. Bf2 Qg6 28. Kh2
Ne6 29. Ne3 Nd4 30. Qd1 Qf6 31. Kg2 Bf8 32. Nd5 Qg6 33. Bxd4 exd4 34. b3 Kh7
35. Qd3 Bd6 36. f4 f6 37. Qf3 Re8 38. h5 Qf7 39. Qg4 Ra7 40. Re2 f5 41. Qg6+
Qxg6 42. hxg6+ Kg8 43. e5 Re6 44. g4 fxg4 45. f5 Re8 46. f6 Kf8 47. f7 Re6 48.
Nf4 Rae7 49. Nxe6+ Rxe6 50. exd6 Rxe2+ 51. Kf1 Re6 52. d7 Rf6+ 53. Kg2 Ke7 54.
Rf1 Kxd7 55. Rxf6  1-0

[Event "2. Bundesliga Ost 2017/2018"]
[Site "alle Wien"]
[Date "2017.12.02"]
[Round "5"]
[Board "4"]
[White "Rechberger, Franz"]
[Black "Sadilek, Maximilian"]
[Result "1-0"]
[WhiteElo "2141"]
[BlackElo "2271"]
[PlyCount "73"]
[EventDate "2017.10.21"]
[EventType "team"]
[EventRounds "11"]
[EventCountry "AUT"]
[WhiteTeam "SK Mostarrichi"]
[BlackTeam "tschaturanga"]

1. d4 e6 2. c4 b6 3. Nc3 Bb7 4. Nf3 Bb4 5. Qc2 f5 6. Bd2 Nf6 7. e3 O-O 8. Bd3
a5 9. a3 Bxc3 10. Bxc3 Ne4 11. b3 d6 12. Bb2 Nd7 13. O-O-O c5 14. a4 b5 15.
axb5 a4 16. bxa4 Nb6 17. dxc5 Nxc5 18. Qc3 Rf7 19. Bc2 Ncxa4 20. Qb4 Nxb2 21.
Kxb2 Qf6+ 22. Nd4 Rc8 23. Bb3 Rfc7 24. Qxd6 Nxc4+ 25. Bxc4 Rxc4 26. Rc1 Bd5 27.
Rxc4 Rxc4 28. Rc1 Rxc1 29. Kxc1 g5 30. b6 f4 31. b7 Bxb7 32. Qb8+ Qf8 33. Qxb7
fxe3 34. fxe3 Qa3+ 35. Kd2 Qa2+ 36. Ke1 e5 37. Qb3+  1-0

[Event "2. Bundesliga Ost 2017/2018"]
[Site "alle Wien"]
[Date "2017.12.02"]
[Round "5"]
[Board "5"]
[White "Morgunov, Daniel"]
[Black "Poell, Markus"]
[Result "1/2-1/2"]
[WhiteElo "2231"]
[BlackElo "2125"]
[PlyCount "120"]
[EventDate "2017.10.21"]
[EventType "team"]
[EventRounds "11"]
[EventCountry "AUT"]
[WhiteTeam "tschaturanga"]
[BlackTeam "SK Mostarrichi"]

1. e4 c6 2. d4 d5 3. Nc3 dxe4 4. Nxe4 Bf5 5. Ng3 Bg6 6. h4 h6 7. Nf3 Nd7 8. h5
Bh7 9. Bd3 Bxd3 10. Qxd3 e6 11. Bd2 Ngf6 12. O-O-O Be7 13. Ne4 Nxe4 14. Qxe4
Nf6 15. Qe2 Qd5 16. c4 Qe4 17. Qxe4 Nxe4 18. Be3 Nf6 19. Kc2 O-O 20. Ne5 Rfd8
21. f3 Nd7 22. g4 Nxe5 23. dxe5 b6 24. a4 Rxd1 25. Rxd1 Rd8 26. Rxd8+ Bxd8 27.
b4 Kf8 28. b5 c5 29. a5 Kg8 30. a6 Kh7 31. Kd3 Be7 32. Ke4 Bd8 33. f4 g6 34.
hxg6+ Kxg6 35. f5+ Kg7 36. Bf2 Kh7 37. Kf3 Be7 38. Kg2 Bd8 39. Kh3 Be7 40. Bg3
Bd8 41. Bh4 Bg5 42. Bf2 Be7 43. Be1 Bd8 44. Bh4 Bg5 45. Kg3 Kg8 46. Kh3 Kh7 47.
Be1 Bd8 48. Bd2 Bg5 49. Ba5 Bd8 50. Be1 Be7 51. Kg2 Bd8 52. Kf3 Be7 53. Bd2 Bg5
54. Bf4 Be7 55. Kg3 Bd8 56. Be3 Be7 57. Bg1 Bd8 58. Kh3 Be7 59. Bf2 Bd8 60. Bh4
Bg5  1/2-1/2

[Event "2. Bundesliga Ost 2017/2018"]
[Site "alle Wien"]
[Date "2017.12.02"]
[Round "5"]
[Board "6"]
[White "Ly, Daniel"]
[Black "Leitner, Gerald"]
[Result "1/2-1/2"]
[WhiteElo "2041"]
[BlackElo "2118"]
[PlyCount "59"]
[EventDate "2017.10.21"]
[EventType "team"]
[EventRounds "11"]
[EventCountry "AUT"]
[WhiteTeam "SK Mostarrichi"]
[BlackTeam "tschaturanga"]

1. e4 e5 2. Nf3 Nc6 3. Bc4 Bc5 4. c3 Qe7 5. O-O d6 6. h3 Nf6 7. d3 a6 8. Bb3
O-O 9. Nbd2 Be6 10. Re1 Rad8 11. Qe2 Rfe8 12. Nf1 Bxb3 13. axb3 d5 14. Ng3 Qe6
15. b4 Bb6 16. Nf5 dxe4 17. dxe4 Ne7 18. N3h4 Ng6 19. Qf3 Nxh4 20. Nxh4 h6 21.
Nf5 Kh7 22. Qg3 Rg8 23. Qh4 Nd7 24. Bg5 Rde8 25. Rad1 Nf8 26. Bc1 Ng6 27. Qg3
Ne7 28. Nxe7 Qxe7 29. Be3 Bxe3 30. Rxe3  1/2-1/2

[Event "2. Bundesliga Ost 2017/2018"]
[Site "alle Wien"]
[Date "2017.12.02"]
[Round "5"]
[Board "1"]
[White "Schroll, Gerhard"]
[Black "Hangweyrer, Manfred"]
[Result "1/2-1/2"]
[WhiteElo "2293"]
[BlackElo "2370"]
[PlyCount "37"]
[EventDate "2017.10.21"]
[EventType "team"]
[EventRounds "11"]
[EventCountry "AUT"]
[WhiteTeam "ASVOE Mattersburg"]
[BlackTeam "SK Austria"]

1. c4 Nf6 2. Nc3 e5 3. Nf3 Nc6 4. e3 Be7 5. a3 O-O 6. b4 d6 7. Bb2 Bf5 8. d3 e4
9. dxe4 Nxe4 10. Qd5 Nxc3 11. Bxc3 Bf6 12. Rc1 Bxc3+ 13. Rxc3 Qf6 14. Qd2 Be4
15. Be2 Ne5 16. Nxe5 dxe5 17. O-O Rfd8 18. Qc1 c5 19. f3  1/2-1/2